[Event "SVK ECo-C Extraliga 2018-19"]
[Site "Slovakia"]
[Date "2019.04.12"]
[Round "9.8"]
[White "Szucs, Vladimir"]
[Black "Viczencz, Peter"]
[Result "1/2-1/2"]
[WhiteElo "2155"]
[BlackElo "2060"]
[Annotator "NA"]
[PlyCount "123"]
[EventDate "2018.11.10"]
[EventType "team-tourn"]
[EventCountry "SVK"]
[SourceTitle "playchess.com"]
[Source "ChessBase"]
[SourceQuality "1"]
[WhiteTeam "Podhajska"]
[BlackTeam "Komarno"]
[TimeControl "40/5400+30:1800+30"]

1. d4 {[%emt 0:00:00]} Nf6 {[%emt 0:00:00]} 2. c4 {[%emt 0:00:03]} c5 {[%emt 0:00:00]} 3. d5 {[%emt 0:00:21]} e6 {[%emt 0:00:00]} 4. Nc3 {[%emt 0:00:32]} exd5 {[%emt 0:00:23]} 5. cxd5 {[%emt 0:00:09]} d6 {[%emt 0:00:42]} 6. Nf3 {[%emt 0:00:25]} a6 {[%emt 0:00:32]} 7. a4 {[%emt 0:00:37]} g6 {[%emt 0:01:08]} 8. Bf4 {[%emt 0:00:23]} Bg7 {[%emt 0:03:56]} 9. h3 {[%emt 0:00:57]} O-O {[%emt 0:05:39]} 10. e3 {[%emt 0:01:02]} Qc7 {[%emt 0:00:50]} 11. Nd2 {[%emt 0:00:52]} Re8 {[%emt 0:04:24]} 12. Nc4 {[%emt 0:07:41]} Bf8 {[%emt 0:00:48]} 13. Be2 {[%emt 0:01:47]} Nbd7 {[%emt 0:00:40]} 14. O-O {[%emt 0:04:31]} Rb8 {[%emt 0:01:06]} 15. a5 {[%emt 0:01:34]} b5 {[%emt 0:04:21]} 16. axb6 {[%emt 0:00:32]} Nxb6 {[%emt 0:00:04]} 17. Na5 {[%emt 0:06:37]} Ra8 {[%emt 0:01:36]} 18. Qd2 {[%emt 0:07:18]} Bb7 {[%emt 0:02:59]} 19. Nxb7 {[%emt 0:06:18]} Qxb7 {[%emt 0:00:06]} 20. Rfd1 {[%emt 0:00:23]} Nfd7 {[%emt 0:08:02]} 21. e4 {[%emt 0:10:25]} c4 {[%emt 0:06:45]} 22. Be3 {[%emt 0:03:00]} Rac8 {[%emt 0:15:06]} 23. Ra5 {[%emt 0:05:37]} Bg7 {[%emt 0:00:46]} 24. Qc2 {[%emt 0:02:00]} Nb8 {[%emt 0:02:57]} 25. Rda1 {[%emt 0:04:32]} Re7 {[%emt 0:04:00]} 26. Bg5 {[%emt 0:04:35]} Rec7 {[%emt 0:03:40]} 27. Bf4 {[%emt 0:01:43]} Rd8 {[%emt 0:03:56]} 28. R1a2 {[%emt 0:00:22]} Bd4 {[%emt 0:02:38]} 29. Qd2 {[%emt 0:04:46]} Bg7 {[%emt 0:01:08]} 30. Be3 {[%emt 0:02:19]} N6d7 {[%emt 0:03:24]} 31. R5a4 {[%emt 0:05:29]} Rdc8 {[%emt 0:02:04]} 32. Bg4 {[%emt 0:02:10]} h5 {[%emt 0:02:20]} 33. Bxd7 {[%emt 0:00:43]} Rxd7 {[%emt 0:00:05]} 34. Bd4 {[%emt 0:00:15]} Bxd4 {[%emt 0:06:43]} 35. Qxd4 {[%emt 0:00:04]} Rdc7 {[%emt 0:00:58]} 36. Nd1 {[%emt 0:04:38]} Rc5 {[%emt 0:08:23]} 37. R2a3 {[%emt 0:01:24]} Qb5 {[%emt 0:02:22]} 38. Qc3 {[%emt 0:04:37]} R5c7 {[%emt 0:01:25]} 39. Rb4 {[%emt 0:02:38]} Qe8 {[%emt 0:00:06]} 40. Qd4 {[%emt 0:01:36]} Nd7 {[%emt 0:03:17]} 41. Nc3 {[%emt 0:33:55]} Rb8 {[%emt 0:05:33]} 42. Rxc4 {[%emt 0:00:00]} Rxc4 {[%emt 0:00:40]} 43. Qxc4 {[%emt 0:00:00]} Rxb2 {[%emt 0:00:07]} 44. Rxa6 {[%emt 0:00:00]} Rc2 {[%emt 0:00:46]} 45. Qd4 {[%emt 0:00:00]} Rc1+ {[%emt 0:02:28]} 46. Kh2 {[%emt 0:00:00]} Qe5+ {[%emt 0:00:17]} 47. Qxe5 {[%emt 0:00:00]} Nxe5 {[%emt 0:00:03]} 48. Nb5 {[%emt 0:00:00]} Rc2 {[%emt 0:00:13]} 49. Nxd6 {[%emt 0:00:00]} Rxf2 {[%emt 0:00:10]} 50. Ra1 {[%emt 0:00:00]} h4 {[%emt 0:00:32]} 51. Rd1 {[%emt 0:00:00]} Re2 {[%emt 0:00:23]} 52. Kg1 {[%emt 0:00:00]} Kf8 {[%emt 0:00:31]} 53. Kf1 {[%emt 0:00:00]} Rb2 {[%emt 0:00:08]} 54. Rd4 {[%emt 0:00:14]} Ke7 {[%emt 0:03:57]} 55. Nc4 {[%emt 0:00:11]} Nxc4 {[%emt 0:00:56]} 56. Rxc4 {[%emt 0:00:03]} Kd6 {[%emt 0:00:07]} 57. Rc1 {[%emt 0:02:51]} Rd2 {[%emt 0:00:48]} 58. Re1 {[%emt 0:00:47]} Ke5 {[%emt 0:00:07]} 59. Re2 {[%emt 0:00:30]} Rd1+ {[%emt 0:00:05]} 60. Kf2 {[%emt 0:00:03]} f5 {[%emt 0:00:29]} 61. exf5+ {[%emt 0:00:32]} Kxf5 {[%emt 0:00:06]} 62. Re8 1/2-1/2

[Event "SVK ECo-C Extraliga 2018-19"]
[Site "Slovakia"]
[Date "2019.04.13"]
[Round "10.1"]
[White "Navara, David"]
[Black "Vajda, Levente"]
[Result "1-0"]
[WhiteElo "2733"]
[BlackElo "2535"]
[Annotator "TA"]
[PlyCount "89"]
[EventDate "2018.11.10"]
[EventType "team-tourn"]
[EventCountry "SVK"]
[SourceTitle "playchess.com"]
[Source "ChessBase"]
[SourceQuality "1"]
[WhiteTeam "Snina"]
[BlackTeam "Streda"]

{[%evp 32,89,22,16,18,16,21,19,21,19,25,5,28,31,49,6,26,10,33,50,64,58,49,64,63,65,60,62,60,65,66,66,63,60,63,58,68,69,81,37,40,45,50,54,174,234,233,226,209,177,178,114,128,133,457,454,447,443,29990,29991]} 1. e4 e5 2. Nf3 Nc6 3. Bb5 a6 4. Ba4 Nf6 5. O-O Be7 6. Re1 b5 7. Bb3 d6 8. c3 O-O 9. h3 Nb8 10. d4 Nbd7 11. Nbd2 Bb7 12. Bc2 Re8 13. Nf1 Bf8 14. Ng3 g6 15. a4 c5 16. d5 c4 17. Bg5 Nc5 {C95: Closed Ruy Lopez: Breyer Variation with 10 d4} 18. Qd2 Be7 19. Ra3 (19. Bh6 Nfd7 20. Nh2 bxa4 21. Ng4 Nb3 22. Bxb3 axb3 23. f4 Nf6 24. Ne3 exf4 25. Bxf4 {½-½ (54) Borisek,J (2578)-Amin,B (2686) Batumi 2018}) 19... Nfd7 {The position is equal.} 20. Be3 Qc7 21. Rf1 $146 ({Predecessor:} 21. Nh2 h5 22. Qe2 Kg7 23. Rea1 Nb6 24. axb5 axb5 25. f4 Rxa3 26. Rxa3 exf4 27. Bxf4 {0-1 (43) Slizhevsky,A (2428)-Bocharov,I (2565) Cheliabinsk 2018}) 21... Nb6 {[%cal Rb6a4]} 22. axb5 axb5 23. Rxa8 $1 Rxa8 24. Nh2 Nbd7 25. Ng4 Rf8 26. f4 exf4 $1 27. Bxf4 f6 28. Bh6 Rf7 29. Be3 {aiming for Nh6+.} Rf8 30. Nh6+ Kh8 31. h4 Ne5 32. h5 Bc8 33. Ne2 Bd8 34. Nd4 gxh5 35. Nxb5 Qb6 36. Nd4 Qxb2 37. Nc6 Qb6 (37... Nb3 $14 38. Bxb3 Qxd2 39. Bxd2 cxb3 40. Nxe5 Bb6+ 41. Kh2 dxe5) 38. Nxe5 $18 dxe5 39. Qe2 Qc7 40. Qxc4 ({Don't play} 40. Qxh5 $6 Nb7 $16) 40... Be7 {With the idea ...Ba6.} 41. d6 (41. Ra1 $18) 41... Bxd6 $16 {[#]} 42. Rxf6 $1 $40 {[%mdl 640] White is out for blood.} Be6 $2 {[%mdl 8192]} (42... Ne6 $16 {is more resistant.} 43. Rxf8+ Bxf8 44. Qxc7 Nxc7) (42... Rxf6 43. Qg8#) 43. Rxe6 $18 Nxe6 44. Qxe6 Qxc3 {[#]} (44... Bc5 $18 45. Bxc5 Qxc5+ 46. Kh2 Qf2 47. Qxe5+ {[%mdl 64] Double Attack} Qf6 48. Qxh5 Qxc3) 45. Bg5 $1 {Accuracy: White = 83%, Black = 42%.} 1-0

[Event "SVK ECo-C Extraliga 2018-19"]
[Site "Slovakia"]
[Date "2019.04.13"]
[Round "10.1"]
[White "Krejci, Jan"]
[Black "Papp, Gabor"]
[Result "1/2-1/2"]
[WhiteElo "2588"]
[BlackElo "2598"]
[Annotator "TA"]
[PlyCount "65"]
[EventDate "2018.11.10"]
[EventType "team-tourn"]
[EventCountry "SVK"]
[SourceTitle "playchess.com"]
[Source "ChessBase"]
[SourceQuality "1"]
[WhiteTeam "Prakovce"]
[BlackTeam "Slovan"]

{[%evp 26,65,20,4,19,0,10,0,0,0,0,0,0,0,0,0,0,0,0,0,0,0,0,0,0,-7,-5,-8,0,0,0,0,0,0,0,0,0,0,0,0,0,0]} 1. d4 Nf6 2. Nf3 d5 3. c4 e6 4. Nc3 c5 5. cxd5 Nxd5 6. e4 Nxc3 7. bxc3 cxd4 8. cxd4 Bb4+ 9. Bd2 Bxd2+ 10. Qxd2 O-O 11. Bc4 Nd7 12. O-O b6 13. Rad1 Bb7 14. Rfe1 {The position is equal.} Rc8 {D41: Queen's Gambit Declined: Semi-Tarrasch with 5 cxd5} 15. Bb3 Re8 16. d5 (16. h3 Nf6 17. Qf4 Nh5 18. Qh2 h6 19. d5 exd5 20. e5 g6 21. Nd4 Ng7 22. Nb5 {½-½ (54) Mamedyarov,S (2820)-Ding,L (2804) Batumi 2018}) 16... exd5 17. exd5 Nc5 18. d6 Bxf3 $1 19. gxf3 $146 {[#] Rxe8+ is the strong threat.} ({Predecessor:} 19. Rxe8+ Qxe8 20. gxf3 Qd7 21. Re1 Ne6 22. f4 {½-½ (49) Jaeckel,C (2394)-Kveinys,V (2131) ICCF email 2011}) 19... Qd7 20. Qf4 h6 21. Bc4 b5 22. Rxe8+ Rxe8 23. Bd5 Ne6 24. Qg3 a5 25. Kh1 Rd8 26. Be4 b4 27. Qe5 a4 28. Qf5 {[#] White wants to mate with Qh7+.} g6 29. Qf6 b3 30. axb3 axb3 31. Rg1 b2 32. Bf5 {And now Bxe6 would win.} Re8 33. Qxb2 {Accuracy: White = 78%, Black = 84%.} 1/2-1/2

[Event "SVK ECo-C Extraliga 2018-19"]
[Site "Slovakia"]
[Date "2019.04.13"]
[Round "10.1"]
[White "Aczel, Gergely"]
[Black "Piorun, Kacper"]
[Result "1/2-1/2"]
[WhiteElo "2542"]
[BlackElo "2660"]
[Annotator "TA"]
[PlyCount "38"]
[EventDate "2018.11.10"]
[EventType "team-tourn"]
[EventCountry "SVK"]
[SourceTitle "playchess.com"]
[Source "ChessBase"]
[SourceQuality "1"]
[WhiteTeam "Podhajska"]
[BlackTeam "Dunajov"]

{[%evp 10,38,21,23,28,22,31,12,31,10,33,28,37,24,41,30,34,36,36,37,38,29,29,29,29,30,35,0,35,0,39]} 1. d4 f5 2. Nc3 Nf6 3. Bg5 d5 4. Bxf6 exf6 5. e3 Be6 6. Qf3 Nc6 {A80: Dutch Defence: Unusual White second moves} (6... Qd7 7. a3 Nc6 8. Bb5 a6 9. Ba4 b5 10. Bb3 Rd8 11. Nge2 Na5 12. Nf4 c6 13. a4 b4 14. Nce2 {1-0 (59) Bruzon Batista,L (2679)-Anton Guijarro,D (2616) Dubai 2016}) 7. h4 Ne7 $146 ({Predecessor:} 7... Qd7 8. Nge2 O-O-O 9. Nf4 Bf7 10. h5 Bb4 11. Nd3 Bd6 12. O-O-O Ne7 13. Nc5 Bxc5 14. dxc5 {1-0 (58) Kochemasov,A (2499)-Pirs,M (2539) ICCF email 2012}) 8. h5 Qd7 9. Bd3 c6 10. Nge2 Nc8 11. Nf4 Bf7 12. O-O-O Nd6 13. Ng6 Rg8 14. Nxf8 Rxf8 15. Rdg1 Be6 16. Ne2 Qe7 17. Ng3 {[%cal Rg3f5]} Qd7 18. Ne2 Qe7 19. Ng3 {[%cal Rg3f5]} Qd7 {Accuracy: White = 51%, Black = 73%.} 1/2-1/2

[Event "SVK ECo-C Extraliga 2018-19"]
[Site "Slovakia"]
[Date "2019.04.13"]
[Round "10.1"]
[White "Sipos, Istvan"]
[Black "Cernousek, Lukas"]
[Result "1/2-1/2"]
[WhiteElo "2472"]
[BlackElo "2438"]
[Annotator "ChessBase"]
[PlyCount "85"]
[EventDate "2018.11.10"]
[EventType "team-tourn"]
[EventCountry "SVK"]
[SourceTitle "playchess.com"]
[Source "ChessBase"]
[SourceQuality "1"]
[WhiteTeam "Komarno"]
[BlackTeam "Dubnica"]
[TimeControl "40/5400+30:1800+30"]

1. e4 {[%emt 0:00:00]} c5 {[%emt 0:00:00]} 2. Nf3 {[%emt 0:00:00]} d6 {[%emt 0:00:00]} 3. d4 {[%emt 0:00:00]} Nf6 {[%emt 0:00:00]} 4. Nc3 {[%emt 0:00:08]} cxd4 {[%emt 0:00:00]} 5. Nxd4 {[%emt 0:00:06]} a6 {[%emt 0:00:02]} 6. a3 {[%emt 0:00:39]} g6 {[%emt 0:03:52]} 7. Be2 {[%emt 0:10:40]} Bg7 {[%emt 0:04:03]} 8. O-O {[%emt 0:00:49]} Nbd7 {[%emt 0:06:28]} 9. Nb3 {[%emt 0:05:36]} b6 {[%emt 0:08:42]} 10. f4 {[%emt 0:04:52]} Bb7 {[%emt 0:00:58]} 11. Bf3 {[%emt 0:00:35]} Rc8 {[%emt 0:04:50]} 12. Qe1 {[%emt 0:01:44]} e5 {[%emt 0:03:41]} 13. f5 {[%emt 0:08:33]} gxf5 {[%emt 0:15:42]} 14. exf5 {[%emt 0:00:08]} Bxf3 {[%emt 0:00:04]} 15. Rxf3 {[%emt 0:00:09]} O-O {[%emt 0:03:17]} 16. Bg5 {[%emt 0:16:06]} h6 {[%emt 0:01:30]} 17. Bh4 {[%emt 0:15:42]} Qc7 {[%emt 0:00:18]} 18. Rd1 {[%emt 0:02:58]} e4 {[%emt 0:01:18]} 19. Nxe4 {[%emt 0:08:50]} Nxe4 {[%emt 0:01:22]} 20. Qxe4 {[%emt 0:00:08]} Qxc2 {[%emt 0:11:10]} 21. Qxc2 {[%emt 0:00:04]} Rxc2 {[%emt 0:00:08]} 22. Rxd6 {[%emt 0:01:54]} Ne5 {[%emt 0:05:43]} 23. Rf2 {[%emt 0:07:36]} Rfc8 {[%emt 0:04:07]} 24. Rd8+ {[%emt 0:07:20]} Rxd8 {[%emt 0:06:57]} 25. Bxd8 {[%emt 0:00:50]} Rxf2 {[%emt 0:07:17]} 26. Kxf2 {[%emt 0:00:02]} Nd3+ {[%emt 0:00:08]} 27. Ke2 {[%emt 0:00:20]} Nxb2 {[%emt 0:00:08]} 28. Bxb6 {[%emt 0:03:08]} Na4 {[%emt 0:02:48]} 29. Ba5 {[%emt 0:01:20]} Be5 {[%emt 0:02:23]} 30. h3 {[%emt 0:00:17]} Kg7 {[%emt 0:00:14]} 31. Kf3 {[%emt 0:01:09]} Kf6 {[%emt 0:02:44]} 32. Ke4 {[%emt 0:00:40]} Bd6 {[%emt 0:01:00]} 33. Bb4 {[%emt 0:01:57]} Bxb4 {[%emt 0:00:08]} 34. axb4 {[%emt 0:00:02]} Nc3+ {[%emt 0:00:07]} 35. Kd4 {[%emt 0:00:04]} Na2 {[%emt 0:00:06]} 36. Kc4 {[%emt 0:02:10]} Kxf5 {[%emt 0:00:02]} 37. Nc5 {[%emt 0:00:18]} Kf4 {[%emt 0:00:20]} 38. Nxa6 {[%emt 0:00:45]} Nxb4 {[%emt 0:00:05]} 39. Nxb4 {[%emt 0:00:27]} Kg3 {[%emt 0:00:05]} 40. Nd5 {[%emt 0:01:11]} Kxg2 {[%emt 0:00:06]} 41. h4 {[%emt 0:02:05]} Kg3 {[%emt 0:00:00]} 42. h5 {[%emt 0:00:07]} Kg4 {[%emt 0:00:00]} 43. Kd4 {[%emt 0:00:14]} 1/2-1/2

[Event "SVK ECo-C Extraliga 2018-19"]
[Site "Slovakia"]
[Date "2019.04.13"]
[Round "10.1"]
[White "Pechac, Jergus"]
[Black "Balogh, Csaba"]
[Result "1/2-1/2"]
[WhiteElo "2464"]
[BlackElo "2610"]
[Annotator "TA"]
[PlyCount "48"]
[EventDate "2018.11.10"]
[EventType "team-tourn"]
[EventCountry "SVK"]
[SourceTitle "playchess.com"]
[Source "ChessBase"]
[SourceQuality "1"]
[WhiteTeam "Zilina"]
[BlackTeam "Modra"]

{[%evp 15,48,24,26,10,0,3,40,27,33,6,24,0,38,34,37,22,31,12,26,0,0,0,0,0,0,0,0,0,0,0,0,0,0,0,0]} 1. d4 Nf6 2. c4 e6 3. Nf3 Bb4+ 4. Bd2 c5 5. Bxb4 cxb4 6. g3 b6 7. Bg2 Bb7 8. O-O a5 {LiveBook: 43 Games. E16: Queen's Indian: 4 g3 Bb7 5 Bg2 Bb4+} 9. d5 $146 ({Predecessor:} 9. Qd3 O-O 10. Nbd2 d6 11. Rfd1 Re8 12. Ne1 Bxg2 13. Nxg2 Nbd7 14. Ne3 Qc7 15. a3 bxa3 16. bxa3 {0-1 (60) Sargissian,G (2689)-Najer,E (2670) St Petersburg 2018}) 9... exd5 10. Nh4 {[%cal Rc4d5]} g6 11. cxd5 O-O 12. Nd2 d6 13. e4 Ba6 14. Re1 Nbd7 15. Ndf3 Ng4 16. Bh3 Nge5 17. Qd4 (17. Nxe5 {seems wilder.} Nxe5 18. Bf1 Bxf1 19. Kxf1 Qf6 20. f4) 17... g5 {The position is equal.} 18. Bxd7 $1 gxh4 19. Nxe5 dxe5 20. Qxe5 {[#] Black must now prevent Bc6.} Qxd7 21. Qg5+ Kh8 22. Qf6+ Kg8 23. Qg5+ Kh8 24. Qf6+ Kg8 {Precision: White = 68%, Black = 59%.} 1/2-1/2

[Event "SVK ECo-C Extraliga 2018-19"]
[Site "Slovakia"]
[Date "2019.04.13"]
[Round "10.1"]
[White "Mazur, Stefan"]
[Black "Cvek, Robert"]
[Result "1-0"]
[WhiteElo "2435"]
[BlackElo "2524"]
[Annotator "ChessBase"]
[PlyCount "73"]
[EventDate "2018.11.10"]
[EventType "team-tourn"]
[EventCountry "SVK"]
[SourceTitle "playchess.com"]
[Source "ChessBase"]
[SourceQuality "1"]
[WhiteTeam "Liptovska"]
[BlackTeam "Osuske"]
[TimeControl "40/5400+30:1800+30"]

1. e4 {[%emt 0:00:00]} e6 {[%emt 0:00:00]} 2. d4 {[%emt 0:00:00]} d5 {[%emt 0:00:00]} 3. Nc3 {[%emt 0:00:00]} Bb4 {[%emt 0:00:22]} 4. e5 {[%emt 0:00:44]} c5 {[%emt 0:00:53]} 5. a3 {[%emt 0:00:11]} Bxc3+ {[%emt 0:00:18]} 6. bxc3 {[%emt 0:00:02]} Ne7 {[%emt 0:00:23]} 7. Qg4 {[%emt 0:00:12]} O-O {[%emt 0:01:13]} 8. Bd3 {[%emt 0:00:42]} Nbc6 {[%emt 0:00:37]} 9. Qh5 {[%emt 0:11:54]} Ng6 {[%emt 0:00:47]} 10. Nf3 {[%emt 0:00:35]} Qc7 {[%emt 0:00:58]} 11. Be3 {[%emt 0:01:11]} Nce7 {[%emt 0:00:14]} 12. Rb1 {[%emt 0:11:41]} Qa5 {[%emt 0:14:37]} 13. dxc5 {[%emt 0:13:46]} Qxc3+ {[%emt 0:14:57]} 14. Bd2 {[%emt 0:00:24]} Qxc5 {[%emt 0:00:09]} 15. Rb4 {[%emt 0:04:08]} f5 {[%emt 0:05:01]} 16. exf6 {[%emt 0:06:24]} Rxf6 {[%emt 0:01:08]} 17. O-O {[%emt 0:00:28]} a5 {[%emt 0:07:48]} 18. Rh4 {[%emt 0:14:17]} Nxh4 {[%emt 0:11:55]} 19. Qxh7+ {[%emt 0:02:55]} Kf8 {[%emt 0:00:27]} 20. Qh8+ {[%emt 0:00:10]} Ng8 {[%emt 0:00:11]} 21. Nxh4 {[%emt 0:00:11]} Bd7 {[%emt 0:04:32]} 22. Bg5 {[%emt 0:05:37]} Qd4 {[%emt 0:00:32]} 23. Bxf6 {[%emt 0:03:14]} Qxf6 {[%emt 0:00:06]} 24. Ng6+ {[%emt 0:02:01]} Kf7 {[%emt 0:00:08]} 25. Re1 {[%emt 0:01:27]} Rc8 {[%emt 0:09:29]} 26. Qh5 {[%emt 0:00:37]} Nh6 {[%emt 0:01:20]} 27. g4 {[%emt 0:03:27]} Qc3 {[%emt 0:06:18]} 28. Re3 {[%emt 0:03:16]} Qa1+ {[%emt 0:01:12]} 29. Kg2 {[%emt 0:00:10]} Bc6 {[%emt 0:08:37]} 30. Ne5+ {[%emt 0:01:53]} Ke7 {[%emt 0:00:31]} 31. Qg5+ {[%emt 0:00:53]} Kd6 {[%emt 0:00:38]} 32. Qxg7 {[%emt 0:00:37]} Rg8 {[%emt 0:04:50]} 33. Nf7+ {[%emt 0:04:20]} Nxf7 {[%emt 0:00:25]} 34. Rxe6+ {[%emt 0:02:38]} Kxe6 {[%emt 0:00:10]} 35. Bf5+ {[%emt 0:00:08]} Kd6 {[%emt 0:00:30]} 36. Qxa1 {[%emt 0:00:07]} d4+ {[%emt 0:00:42]} 37. Kg3 {[%emt 0:00:26]} 1-0

[Event "SVK ECo-C Extraliga 2018-19"]
[Site "Slovakia"]
[Date "2019.04.13"]
[Round "10.2"]
[White "Banusz, Tamas"]
[Black "Zilka, Stepan"]
[Result "1-0"]
[WhiteElo "2614"]
[BlackElo "2534"]
[Annotator "TA"]
[PlyCount "103"]
[EventDate "2018.11.10"]
[EventType "team-tourn"]
[EventCountry "SVK"]
[SourceTitle "playchess.com"]
[Source "ChessBase"]
[SourceQuality "1"]
[WhiteTeam "Slovan"]
[BlackTeam "Prakovce"]

{[%evp 9,103,9,21,27,16,18,25,1,39,31,58,42,127,132,390,71,67,48,111,111,111,111,108,106,151,155,152,158,167,116,148,137,154,151,148,139,146,150,192,154,185,191,171,178,184,146,240,250,246,249,243,233,264,210,194,209,192,150,189,184,179,193,172,162,158,164,168,150,150,110,93,112,98,112,90,83,89,94,218,235,276,298,311,266,516,530,529,500,493,486,497,534,513,492,437,429]} 1. Nf3 Nf6 2. g3 d5 3. Bg2 e6 4. O-O b5 5. d4 c5 (5... Be7 6. Nbd2 O-O 7. Ne5 Bb7 8. Nb3 a5 9. a4 b4 10. c4 bxc3 {½-½ (10) Hera,I (2620)-Piorun,K (2633) Brest 2018}) 6. a4 {A46: 1 d4 Nf6 2 Nf3 e6: Torre, London and Colle Systems} b4 7. c4 Bb7 8. Bg5 {White has an edge.} dxc4 $146 ({Predecessor:} 8... Nbd7 9. Ne5 Be7 10. Nxd7 Qxd7 11. dxc5 Rc8 12. Nd2 Rxc5 13. cxd5 Bxd5 {½-½ (22) Borisovs,L (2368)-Mielczarek,D (2311) ICCF email 2011}) 9. Nbd2 {[%cal Bb1d2,Bd2c4,Bc4e5][%mdl 32]} cxd4 {...Bd5 is the strong threat.} 10. Nxc4 d3 (10... Bc5 $14) 11. Nce5 $1 $36 {[%cal Re5f7][%mdl 2048] White is in control.} (11. Qxd3 Qxd3 12. exd3 Nbd7 $14) 11... Be7 $2 {[%mdl 8192] [#]} (11... Qd6 $16) 12. Qxd3 $2 (12. Nxf7 $1 $18 {[%mdl 512] and the rest is easy.} Kxf7 13. Ne5+ {[%mdl 64] Double Attack, Discovered Attack} Kg8 14. Bxb7) 12... Qxd3 13. Nxd3 h6 (13... a5 $14) 14. Bxf6 Bxf6 15. Rac1 Nd7 16. Rc7 Rb8 17. Nd2 $1 Bxg2 18. Kxg2 Ne5 19. Nc5 ({White should play} 19. Ne4 $18) 19... a5 20. Nb7 O-O 21. Rfc1 $1 (21. Nxa5 $6 Ra8 $16) 21... Ra8 22. R1c5 Ra7 23. f4 Bd8 24. Nxd8 {[%mdl 64] Discovered Attack} Rxc7 25. Rxc7 Rxd8 $18 {[%mdl 4096] Endgame KRN-KRN} 26. Nb3 Ng4 27. Nxa5 Rd2 (27... Ra8 $16) 28. Nc4 Rc2 {White must now prevent ...Rxc4!} 29. Kf3 $1 {[%cal Rf3g4]} Nxh2+ 30. Ke3 Nf1+ 31. Kd3 Rc1 32. a5 Ra1 33. g4 Nh2 34. Rb7 Nxg4 {With the idea ...h5.} 35. Rxb4 h5 {Threatening ...h4.} 36. Na3 $1 Rd1+ 37. Kc4 $1 {Threatens to win with a6.} Ne3+ 38. Kb5 Rd8 39. Nc4 Nc2 40. Ra4 h4 {[#] Hoping for ...h3.} 41. Ne5 $1 {aiming for a6.} Nd4+ 42. Kc4 h3 {[#]} ({Don't play} 42... Nxe2 $6 43. a6 $11) 43. Ra3 $1 {[%cal Ra3h3]} h2 (43... f6 $16) 44. Rh3 f6 45. Nd3 ({Inferior is} 45. Rxh2 fxe5 46. fxe5 Nc6 $11) 45... Nxe2 {And now ...Rxd3! would win.} 46. Rxh2 Rd4+ $2 (46... Nd4 {was necessary.} 47. a6 Nf5) 47. Kc5 {White is clearly winning.} Rd5+ 48. Kb6 Nd4 49. Nc5 Rd6+ 50. Kb7 Nb5 51. a6 Kf7 52. Rg2 {Accuracy: White = 82%, Black = 48%.} ({Not} 52. a7 Nxa7 53. Kxa7 Rd4 $18) 1-0

[Event "SVK ECo-C Extraliga 2018-19"]
[Site "Slovakia"]
[Date "2019.04.13"]
[Round "10.2"]
[White "Miton, Kamil"]
[Black "Gazik, Viktor"]
[Result "1/2-1/2"]
[WhiteElo "2593"]
[BlackElo "2511"]
[Annotator "ChessBase"]
[PlyCount "118"]
[EventDate "2018.11.10"]
[EventType "team-tourn"]
[EventCountry "SVK"]
[SourceTitle "playchess.com"]
[Source "ChessBase"]
[SourceQuality "1"]
[WhiteTeam "Dunajov"]
[BlackTeam "Podhajska"]
[TimeControl "40/5400+30:1800+30"]

1. d4 {[%emt 0:00:00]} Nf6 {[%emt 0:00:00]} 2. c4 {[%emt 0:00:00]} g6 {[%emt 0:00:00]} 3. g3 {[%emt 0:00:07]} c6 {[%emt 0:01:14]} 4. Bg2 {[%emt 0:00:47]} d5 {[%emt 0:00:07]} 5. Qa4 {[%emt 0:03:27]} Nbd7 {[%emt 0:09:20]} 6. cxd5 {[%emt 0:01:30]} Nb6 {[%emt 0:02:52]} 7. Qb3 {[%emt 0:07:06]} cxd5 {[%emt 0:01:20]} 8. Nc3 {[%emt 0:01:26]} Bg7 {[%emt 0:03:42]} 9. Nf3 {[%emt 0:00:30]} O-O {[%emt 0:09:09]} 10. O-O {[%emt 0:00:56]} Be6 {[%emt 0:11:19]} 11. a4 {[%emt 0:11:24]} Ne4 {[%emt 0:10:13]} 12. Ng5 {[%emt 0:17:12]} Nxg5 {[%emt 0:09:00]} 13. Bxg5 {[%emt 0:00:07]} h6 {[%emt 0:04:22]} 14. Bc1 {[%emt 0:01:58]} Qd7 {[%emt 0:00:40]} 15. a5 {[%emt 0:07:32]} Nc4 {[%emt 0:01:16]} 16. e4 {[%emt 0:01:39]} Rac8 {[%emt 0:10:37]} 17. exd5 {[%emt 0:04:21]} Bf5 {[%emt 0:01:51]} 18. Re1 {[%emt 0:03:14]} g5 {[%emt 0:01:50]} 19. Ra4 {[%emt 0:17:18]} Qc7 {[%emt 0:00:04]} 20. a6 {[%emt 0:06:43]} bxa6 {[%emt 0:02:07]} 21. Rxa6 {[%emt 0:00:27]} Bxd4 {[%emt 0:04:33]} 22. Rxh6 {[%emt 0:03:48]} Qc5 {[%emt 0:02:20]} 23. Rf1 {[%emt 0:01:28]} Ne5 {[%emt 0:02:20]} 24. Bxg5 {[%emt 0:03:48]} Ng4 {[%emt 0:06:10]} 25. Rh4 {[%emt 0:00:32]} Nxf2 {[%emt 0:02:35]} 26. Rxd4 {[%emt 0:00:58]} Nh3+ {[%emt 0:00:17]} 27. Bxh3 {[%emt 0:03:44]} Qxd4+ {[%emt 0:00:04]} 28. Kg2 {[%emt 0:00:13]} Rxc3 {[%emt 0:00:09]} 29. Qxc3 {[%emt 0:01:04]} Qxd5+ {[%emt 0:00:33]} 30. Rf3 {[%emt 0:00:50]} Rc8 {[%emt 0:00:34]} 31. Bxf5 {[%emt 0:00:38]} Rxc3 {[%emt 0:00:04]} 32. bxc3 {[%emt 0:00:01]} e6 {[%emt 0:00:09]} 33. c4 {[%emt 0:00:40]} Qa5 {[%emt 0:00:33]} 34. Bxe6 {[%emt 0:00:47]} fxe6 {[%emt 0:00:03]} 35. Bf6 {[%emt 0:00:33]} Qa2+ {[%emt 0:00:09]} 36. Kh3 {[%emt 0:00:37]} Qxc4 {[%emt 0:00:04]} 37. g4 {[%emt 0:00:03]} Qe2 {[%emt 0:02:17]} 38. Kg3 {[%emt 0:00:13]} e5 {[%emt 0:00:36]} 39. g5 {[%emt 0:01:08]} e4 {[%emt 0:00:14]} 40. Rc3 {[%emt 0:00:29]} e3 {[%emt 0:01:25]} 41. Rc8+ {[%emt 0:09:12]} Kf7 {[%emt 0:05:06]} 42. Rc7+ {[%emt 0:00:08]} Ke6 {[%emt 0:09:18]} 43. Re7+ {[%emt 0:01:42]} Kd6 {[%emt 0:02:40]} 44. Re4 {[%emt 0:04:20]} Qe1+ {[%emt 0:07:14]} 45. Kf3 {[%emt 0:00:23]} Qf2+ {[%emt 0:00:08]} 46. Kg4 {[%emt 0:00:06]} e2 {[%emt 0:00:58]} 47. Be5+ {[%emt 0:03:06]} Kd7 {[%emt 0:09:17]} 48. Bg3 {[%emt 0:00:45]} Qf1 {[%emt 0:01:18]} 49. Re5 {[%emt 0:03:20]} Qd1 {[%emt 0:01:32]} 50. Kf5 {[%emt 0:02:59]} Qd3+ {[%emt 0:00:02]} 51. Kf6 {[%emt 0:00:57]} Qf3+ {[%emt 0:00:02]} 52. Kg7 {[%emt 0:00:33]} a5 {[%emt 0:00:04]} 53. g6 {[%emt 0:00:32]} a4 {[%emt 0:01:41]} 54. Kh7 {[%emt 0:02:38]} a3 {[%emt 0:00:47]} 55. g7 {[%emt 0:02:30]} Qf7 {[%emt 0:00:02]} 56. Kh8 {[%emt 0:01:04]} a2 {[%emt 0:00:52]} 57. g8=Q {[%emt 0:01:02]} Qxg8+ {[%emt 0:00:25]} 58. Kxg8 {[%emt 0:00:05]} a1=Q {[%emt 0:00:06]} 59. Rxe2 {[%emt 0:00:21]} Qf6 {[%emt 0:00:27]} 1/2-1/2